Education guide Malaysia your one-stop resource guide to Malaysian higher education : 2010.
| Format: | Book |
|---|---|
| Published: |
Kuala Lumpur:
Challenger Concept,
2010.
|
| Edition: | 12th ed. |
| Subjects: |
| LEADER | 00517cam a2200157 7i4500 | ||
|---|---|---|---|
| 001 | 0000027836 | ||
| 005 | 20120608090000.0 | ||
| 022 | 0 | 0 | |a 1394-0139 |
| 090 | 0 | 0 | |a M 370.025 |b EDU |
| 245 | 0 | 0 | |a Education guide Malaysia your one-stop resource guide to Malaysian higher education : |b 2010. |
| 250 | 0 | 0 | |a 12th ed. |
| 260 | 0 | 0 | |a Kuala Lumpur: |b Challenger Concept, |c 2010. |
| 300 | # | # | |a 559 p. |
| 650 | 0 | 0 | |a Education -- |x Directories -- |z Malaysia |
| 651 | 0 | 0 | |a Malaysia |
| 999 | |a 0000030250 |b Directories |c Malaysia |e Business Information Centre | ||